00628nam a2200145 a 450000100100000000500170001000800410002704000250006811001330009324500670022626000710029330000300036449000460039483000420044000003910820240304105159.0130522s1998 dr c 000 0 spa d aDO-SdBNPbspacBNPHU aRepública DominicanabSecretaría de Estado de Salud Pública y Asistencia SocialbConsejo Nacional de Población y Familia10aNiñez, legislación y periodismo en República Dominicana. aSanto Domingo :bConsejo Nacional de Población y Familia,c1998. a89 p. :bretrs. ;c21 cm.1 aCuadernos de Población y Familiavno. 3 0aCuadernos de Población y Familian3